Petroleum refinery process economics / (Record no. 20230)
[ view plain ]
| 000 -LEADER | |
|---|---|
| fixed length control field | 00880cam a22002775a 4500 |
| 001 - CONTROL NUMBER | |
| control field | 11964215 |
| 005 - DATE AND TIME OF LATEST TRANSACTION | |
| control field | 20160203110353.0 |
| 008 - FIXED-LENGTH DATA ELEMENTS--GENERAL INFORMATION | |
| fixed length control field | 000404t2000 okuad frbd 001 0 eng d |
| 020 ## - INTERNATIONAL STANDARD BOOK NUMBER | |
| International Standard Book Number | 0878147799 |
| 020 ## - INTERNATIONAL STANDARD BOOK NUMBER | |
| International Standard Book Number | 9780878147793 |
| 040 ## - CATALOGING SOURCE | |
| Original cataloging agency | DLC |
| Language of cataloging | eng |
| Transcribing agency | DLC |
| Modifying agency | DLC |
| -- | EG-ScBUE |
| -- | EG-ScBUE |
| 082 04 - DEWEY DECIMAL CLASSIFICATION NUMBER | |
| Classification number | 665.53 |
| Item number | MAP |
| Edition number | 22 |
| 100 1# - MAIN ENTRY--PERSONAL NAME | |
| Personal name | Maples, Robert E. |
| 9 (RLIN) | 38551 |
| 245 10 - TITLE STATEMENT | |
| Title | Petroleum refinery process economics / |
| Statement of responsibility, etc | Robert E. Maples. |
| 250 ## - EDITION STATEMENT | |
| Edition statement | 2nd ed. |
| 260 ## - PUBLICATION, DISTRIBUTION, ETC. (IMPRINT) | |
| Place of publication, distribution, etc | Tulsa : |
| Name of publisher, distributor, etc | PennWell Corporation, |
| Date of publication, distribution, etc | c.2000. |
| 300 ## - PHYSICAL DESCRIPTION | |
| Extent | xxix, 474 p. : |
| Other physical details | charts, tables ; |
| Dimensions | 24 cm. |
| 500 ## - GENERAL NOTE | |
| General note | Index : p. 461-474. |
| 500 ## - GENERAL NOTE | |
| General note | Glossary : p. 449-459. |
| 504 ## - BIBLIOGRAPHY, ETC. NOTE | |
| Bibliography, etc | Includes bibliographical references. |
| 650 #7 - SUBJECT ADDED ENTRY--TOPICAL TERM | |
| Topical term or geographic name as entry element | Petroleum |
| General subdivision | Refining. |
| Source of heading or term | BUEsh |
| 9 (RLIN) | 31758 |
| 651 ## - SUBJECT ADDED ENTRY--GEOGRAPHIC NAME | |
| Source of heading or term | BUEsh |
| 653 ## - INDEX TERM--UNCONTROLLED | |
| Resource For college | Engineering, Chemical |
| -- | Engineering, Petroleum |
| Arrived date list | July2015 |
| -- | October2015 |
| -- | February2016 |
| 655 ## - INDEX TERM--GENRE/FORM | |
| Form subdivision | Reading book |
| -- | 34232 |
| 942 ## - ADDED ENTRY ELEMENTS (KOHA) | |
| Source of classification or shelving scheme | Dewey Decimal Classification |
| Withdrawn status | Lost status | Source of classification or shelving scheme | Damaged status | Not for loan | Koha collection | Home library | Current library | Shelving location | Date acquired | Source of acquisition | Cost, normal purchase price | Serial Enumeration / chronology | Total Checkouts | Full call number | Barcode | Date last seen | Cost, replacement price | Koha item type | Date last borrowed |
|---|---|---|---|---|---|---|---|---|---|---|---|---|---|---|---|---|---|---|---|
| Dewey Decimal Classification | Baccah | Central Library | Central Library | First floor | 06/07/2015 | Purchase | 651.00 | 22353 | 665.53 MAP | 000039442 | 15/07/2025 | 814.00 | Book - Borrowing | ||||||
| Dewey Decimal Classification | Baccah | Central Library | Central Library | First floor | 22/10/2015 | Purchase | 1 | 665.53 MAP | 000031099 | 15/07/2025 | Book - Borrowing | 12/11/2015 | |||||||
| Dewey Decimal Classification | Baccah | Central Library | Central Library | First floor | 22/10/2015 | Purchase | 665.53 MAP | 000031100 | 15/07/2025 | Book - Borrowing | |||||||||
| Dewey Decimal Classification | Baccah | Central Library | Central Library | First floor | 22/10/2015 | Purchase | 665.53 MAP | 000031101 | 15/07/2025 | Book - Borrowing |